000 01097nam0a22003371 4500
001 v19\rc\1293499
005 20250618024051.0
035 _a(NLR Aleph) 004453978
090 _a4486529
_c4486529
100 _a20060306d1860 |||y0rusy50 ca
101 1 _arus
_ceng
102 _aRU
105 _ay z |||e|
200 1 _aПолитико-экономические письма к президенту Американских Соединенных Штатов
_eПер. с англ.
_fГ[енри] К. Кэре
210 _aМосква
_cтип. Бахметева
_d1860
215 _a[6], 258 с.
_d24
700 1 _aКэри
_bГ.Ч.
_f1793-1879
_gГенри Чарльз
790 1 _aКэре
_bГ.К.
_f1793-1879
_gГенри К.
801 0 _aRU
_bNLR
_gpsbo
801 0 _aRU
_bRuMoRGB
_2psbo
801 1 _aRU
_bProSoft-M
_2rusmarc
852 _aNLR
_j18.43.5.26
852 _aNLR
_j131/1173
899 _aRuMoRGB
_jS 28/13
899 _aRuMoRGB
_jРб 19/32
899 _aБАН
899 _aНБ СПбГУ
899 _aГПИБ
899 _aНБ МГУ
942 _cBOOK
980 _aNB